Entre Estado y nación. Sociedad, poder y derecho, de la prehistoria a la integración europea.
Zapisane w:
| 1. autor: | |
|---|---|
| Format: | Książka |
| Język: | angielski |
| Wydane: |
[Madrid], España:
Instituto de Estudios Jurídicos Internacionales, Universite de Paris-Est. Ecole Doctorale Droit, Europe, Societe,
[2011].
|
| Hasła przedmiotowe: | |
| Etykiety: |
Dodaj etykietę
Nie ma etykietki, Dołącz pierwszą etykiete!
|
MARC
| LEADER | 00000nam a22000007a 4500 | ||
|---|---|---|---|
| 003 | CL-VaPUC | ||
| 005 | 20220822114432.0 | ||
| 008 | 220315s2011 ||||| |||| 00| 0 eng d | ||
| 999 | |c 434828 |d 434826 | ||
| 020 | |a 978-84-615-5060-9 | ||
| 040 | |c Pontificia Universidad Católica de Valparaíso | ||
| 082 | 7 | |a 342 AGUI 2011 |2 22 | |
| 100 | |a Aguilera Barchet, Bruno |9 867174 |e autor | ||
| 245 | |a Entre Estado y nación. |b Sociedad, poder y derecho, de la prehistoria a la integración europea. | ||
| 260 | |a [Madrid], España: |b Instituto de Estudios Jurídicos Internacionales, |b Universite de Paris-Est. Ecole Doctorale Droit, Europe, Societe, |c [2011]. | ||
| 300 | |a 457 páginas. | ||
| 500 | |a c.1 Donación Familia Prof. Alejandro Guzmán Brito. | ||
| 583 | |c 20220315 |k Yessy Stephany Diaz Vidal | ||
| 650 | |a Derecho |x Historia |9 866193 | ||
| 650 | |a Sociedades occidentales |9 869563 | ||
| 650 | |a Civilización europea |9 432982 | ||
| 942 | |2 ddc |c BK |n 0 | ||
| 952 | |0 0 |1 0 |2 ddc |4 0 |6 342_000000000000000_AGUI_2011 |7 1 |8 C_AGB |9 581840 |a BIBDER |b BIBDER |d 2022-03-15 |e Donación |i 5650084 |o 342 AGUI 2011 |p 5650084 |r 2023-01-25 |t 1 |w 2022-03-15 |y BK_US |k AGB | ||